| 000 -LEADER |
| fixed length control field |
00562nam a2200181Ia 4500 |
| 008 - FIXED-LENGTH DATA ELEMENTS--GENERAL INFORMATION |
| fixed length control field |
200103s 1994 ||||xx |||||||||||||| ||und|| |
| 020 ## - INTERNATIONAL STANDARD BOOK NUMBER |
| International Standard Book Number |
0851744540 |
| 082 ## - DEWEY DECIMAL CLASSIFICATION NUMBER |
| Classification number |
623.824 |
| Item number |
PUR |
| 100 ## - MAIN ENTRY--PERSONAL NAME |
| Personal name |
Pursey, H. J. |
| 245 #0 - TITLE STATEMENT |
| Title |
Merchant ship construction : especially written for the merchant navy |
| 250 ## - EDITION STATEMENT |
| Edition statement |
7th ed. |
| 260 ## - PUBLICATION, DISTRIBUTION, ETC. (IMPRINT) |
| Date of publication, distribution, etc |
1994 |
| Place of publication, distribution, etc |
Glasgow |
| Name of publisher, distributor, etc |
Brown, Son & Ferguson Ltd |
| 300 ## - PHYSICAL DESCRIPTION |
| Extent |
xii, 217p. |
| 650 ## - SUBJECT ADDED ENTRY--TOPICAL TERM |
| Topical term or geographic name as entry element |
the construction of oil tankers |
| 650 ## - SUBJECT ADDED ENTRY--TOPICAL TERM |
| Topical term or geographic name as entry element |
Shipyard practice |
| 650 ## - SUBJECT ADDED ENTRY--TOPICAL TERM |
| Topical term or geographic name as entry element |
Surveys, Steel, Tonnage, Freeboard and Loadlines |
| 942 ## - ADDED ENTRY ELEMENTS (KOHA) |
| Item type |
Books |